Tecnología de ensayo de materiales electrónicos : cableado impreso / J. de Bladó cableado impreso / J. de Bladó
Publicado:
Barcelona :
Escuela Universitaria de Ingenieria Técnica Industrial. Departamento de Electrónica, [198 - ?]
Descripción Física:
86 p. ; 30 cm
Materias:
Electrònica
MARC
| LEADER | 00000nam a2200000Ia 4500 | ||
|---|---|---|---|
| 001 | 1953 | ||
| 008 | 160829s9999 xx 000 0 cat d | ||
| 080 | |a C-1-533 | ||
| 100 | |a Bladó, J. de |9 21074 | ||
| 245 | |a Tecnología de ensayo de materiales electrónicos : |b cableado impreso / J. de Bladó | ||
| 260 | |a Barcelona : |b Escuela Universitaria de Ingenieria Técnica Industrial. Departamento de Electrónica, [198 - ?] | ||
| 300 | |a 86 p. ; |c 30 cm | ||
| 650 | |a Electrònica |9 21075 | ||
| 710 | |a Escola Universitària d'Enginyeria Tècnica Industrial de Barcelona. |b Departament d'Electrònica |9 70051 | ||
| 901 | |a Arxiu | ||
| 942 | |n 1 | ||
| 952 | |0 0 |1 0 |4 0 |6 C1533 |7 1 |9 47723 |a Arxiu |b Arxiu |d 2016-12-01 |l 0 |o C-1-533 |p 1953 |r 2016-12-01 00:00:00 |w 2016-12-01 |y ARXIU | ||
| 999 | |c 51522 |d 51522 | ||